000 00972nam a22003017a 4500
001 BR0103032
003 BR-BrBNA
005 20230928100903.0
007 ta
008 230509b bl.||||| |||| 00| 0 por d
040 _aBR-BrBNA
_bpor
_cBiblioteca Nacional de Agricultura
041 _a(Por)
072 _aL10; U10
_b5213
090 _ 5213 BR0103032
100 1 _aGiannotti, J. Di G.
110 1 _aEscola Superior de Agricultura Luiz de Queiroz, Piracicaba, SP (Brasil)
_0Tese (Mestre em Agronomia)
245 1 _aMeta-analise de estimativas da correlacao genetica entre pesos ao nascer e desmama de bovinos
260 3 _aPiracicaba, SP (Brasil):
_c2000.
300 _a85 p.
500 _aSummaries (Eng, Por); Bibliography p. 63-72; 18 tables; 5 illus.
650 _aGado de Corte
650 _aGenetica Animal
650 _aMetodo Estatistico
650 _aPeso ao Nascer
650 _aDesmama
909 _a202309
_bLucia
_c55
_dLucia Elande
942 _cBK
999 _c63254
_d63254